000 01140nam a22003257a 4500
003 CHAP
005 20220329134059.0
008 971013s1985 r 00010 d
010 _a15127
011 _a16099
035 _a20177
040 _cCHAP
082 _a634.3
_bG7
100 0 0 _aGravina Telechea, Alfredo.
_950478
245 _aCitricultura
260 _a(Chapingo, Méx.,) :
_bUACH. Departamento de Fitotecnia,
_c1985
300 _a275 p.
_b; gráfs
590 _aBATCH-UPD
_b10
_c20130110
_lUCH01
_h1805
590 _aBATCH-UPD
_b10
_c20130410
_lUCH01
_h1140
590 _aBATCH-UPD
_b10
_c20130914
_lUCH01
_h0958
590 _aCONVERSION
_b10
_c20130109
_lUCH01
_h1310
650 1 4 _aCítricos.
_924392
901 _aBK
942 _cLIBRO
949 _a634.3 G7
_bBC
_cLIBRO
_d-47114
_eLIBRO
_fc.5
_h69733
_i20177
_si
949 _a634.3 G7
_bBC
_cLIBRO
_d33724000203964
_eLIBRO
_fc.3
_h69731
_i20177
_si
949 _a634.3 G7
_bBC
_cLIBRO
_d33724000223426
_eLIBRO
_fc.4
_h69732
_i20177
_si
949 _a634.3 G7
_bBC
_cLIBRO
_d33724000801643
_eLIBRO
_h69729
_i20177
_mD
_si
949 _a634.3 G7
_bBC
_cLIBRO
_d33724000828299
_eLIBRO
_fc.2
_h69730
_i20177
_si
999 _c15127
_d15127